MARC

LEADER 00000cam a2200000 7i4500
001 0000016607
005 20071119.0
040 |a INS 
090 0 0 |a KOM4 
245 1 0 |a Kursus Kemahiran Komunikasi :   |b 31 Mei - 3 Jun 2005   |c Institut Penilaian Negara 
260 |a Bangi :   |b Institut penilaian Negara ,   |c 2005 
300 |a 59 ms. :   |b ill ;   |c 29 cm. 
650 0 0 |a Communication 
650 0 0 |a Communicative competence 
856 |u http://app.inspen.gov.my:7779/pls/portal/docs/PAGE/CORPORATEPAGES/PORTAL_INSPEN/NOTA_KURSUS/KOMUNIKASI/BF)%20KURSUS%20KEMAHIRAN%20KOMUNIKASI.PDF 
999 |a KOM0000005   |b BOOK   |c Course Notes   |e Default branch 
999 |a KOM0000006   |b BOOK   |c Course Notes   |e Default branch 
999 |a KOM0000007   |b BOOK   |c Course Notes   |e Default branch